=LDR 00000nam 2200000 4500 =001 NUTBA000000000004859 =005 20141011134616.0 =006 =007 =008 =020 ##$$a 979-533-641-x =035 ##$$a 0010-101400000000089 =082 ##$$a 001.42 =100 ##$$a tjiptono, fandi =245 ##$$a strategi riset lewat internet =250 ##$$a cet 2 =260 ##$$a yogyakarta $b Andi, 2001 $c 2001 =300 ##$$a viii, 156 hlm $b ilus $c 20 cm =990 ##$$a 0001/BPAP-NTB/20142014